कुदरत के रंग / (Record no. 54544)

MARC details
000 -LEADER
fixed length control field 02256nam a22003137a 4500
005 - DATE AND TIME OF LATEST TRANSACTION
control field 20110728164846.0
010 ## - LCCN (DPL NO)
LC control number B-435613-617
020 ## - INTERNATIONAL STANDARD BOOK NUMBER
International Standard Book Number 8182636728
Terms of availability 20.00
035 ## - SYSTEM CONTROL NUMBER
System control number B-435613-617
037 ## - SOURCE OF ACQUISITION
Source of stock number/acquisition ब्ल्यूबेरी बुक्स
082 ## - DEWEY DECIMAL CLASSIFICATION NUMBER
Classification number
100 ## - MAIN ENTRY--PERSONAL NAME
Personal name शर्मा, बुलबुल
245 ## - TITLE STATEMENT
Title कुदरत के रंग /
Statement of responsibility, etc बुलबुल शर्मा; मनीषा चौधरी द्वारा चित्रांकित
246 ## - VARYING FORM OF TITLE
Title proper/short title kudrat ke sang
Remainder of title by Bulbul Sharma
250 ## - EDITION STATEMENT
Edition statement 3रा हिन्दी संस्क.
260 ## - PUBLICATION, DISTRIBUTION, ETC. (IMPRINT)
Place of publication, distribution, etc नई दिल्ली
Name of publisher, distributor, etc प्रथम बुक्स
Date of publication, distribution, etc 2010
270 ## - ADDRESS
Address 633-634, 4th "C" Main, 6th 'B' Cross, OMBR Layout, Banaswadi,
City Bangalore
Postal code 560043
Telephone number +91 11 41042483
300 ## - PHYSICAL DESCRIPTION
Extent 17पृ.
Other physical details सचित्र
Dimensions 18सेमी (अजिल्द)
700 ## - ADDED ENTRY--PERSONAL NAME
9 (RLIN) 28835
Personal name चौधरी, मनीषा
700 ## - ADDED ENTRY--PERSONAL NAME
9 (RLIN) 28836
700 ## - ADDED ENTRY--PERSONAL NAME
9 (RLIN) 30368
942 ## - ADDED ENTRY ELEMENTS (KOHA)
Source of classification or shelving scheme Dewey Decimal Classification
Item type Children Books
Classification part
Call number suffix शर्माबु
Holdings
Withdrawn status Lost status Not for loan Collection code Home library Current library Date acquired Source of acquisition Cost, normal purchase price Full call number Barcode Copy number Cost, replacement price Koha item type
      Fiction Bawana Bawana 03/08/2011 ब्लयूबेरी /6364/25.3.2011/83/21.3.11/31.3.11 20.00 क शर्माबु B-435616 1 20.00 Children Books
      Fiction Central Library Central Library 03/08/2011 ब्लयूबेरी /6364/25.3.2011/83/21.3.11/31.3.11 20.00 क शर्माबु B-435613 1 20.00 Children Books
      Fiction Patel Nagar Patel Nagar 03/08/2011 ब्लयूबेरी /6364/25.3.2011/83/21.3.11/31.3.11 20.00 क शर्माबु B-435614 1 20.00 Children Books
  Lost and Paid For   Fiction Sarojini Nagar Sarojini Nagar 03/08/2011 ब्लयूबेरी /6364/25.3.2011/83/21.3.11/31.3.11 20.00 क शर्माबु B-435615 1 20.00 Children Books
  Written-off vide DLB M. No. 383 dt 16.05.19   Fiction Shahdara Branch Shahdara Branch 03/08/2011 ब्लयूबेरी /6364/25.3.2011/83/21.3.11/31.3.11 20.00 क शर्माबु B-435617 1 20.00 Children Books

© Delhi Public Library
Hit Counter
free hit counter